=LDR 00000nam 2200000 4500 =001 INLIS000000000035344 =005 20200804082928 =035 ##$$a 0010-061300000035344 =008 200804###########################0#ind## =041 ##$$a ind =082 ##$$a 377.97 =090 ##$$a 377.97, Mod m =245 ##$$a Modernisasi pesantren, Tim penulis, A. Malik M. Thaha Tuanaya...[Et.Al] =260 ##$$a 2007 :$b Jakarta =300 ##$$a Xiv,293 Hlm, 21 Cm =650 #4$$a Sekolah dan Agama =700 #$$a Tuanaya, A.Malik M.Thaha =850 ##$$a NBPNMAT